The coming jobs war : what every leader must know about the future of job creation /

Gallup chairman and CEO Jim Clifton presents his perspective on current global employment and job creation issues, how these affect society in general, and his recommendations for creating good jobs.

Saved in:
Bibliographic Details
Main Author: Clifton, Jim.
Format: Book
Language:English
Published: New York, NY : Gallup Press, ©2011.
Subjects:
Tags: Add Tag
No Tags, Be the first to tag this record!
LEADER 01506cam a22003374i 4500
001 012993229-9
005 20111214150159.0
008 110414t20112011nyu b 000 0 eng d
010 |a  2011930933 
020 |a 9781595620552 
020 |a 1595620559 
035 0 |a ocn713187980 
040 |a BTCTA  |b eng  |c BTCTA  |d JBL  |d UPZ  |e rda  |d ORX  |d YDXCP  |d BWX  |d MUU 
050 4 |a HD5713.3  |b .C58 2011 
082 0 4 |a 331.120424  |2 23 
100 1 |a Clifton, Jim. 
245 1 4 |a The coming jobs war :  |b what every leader must know about the future of job creation /  |c Jim Clifton, chairman of Gallup. 
260 |a New York, NY :  |b Gallup Press,  |c ©2011. 
300 |a 225 p. ;  |c 23 cm. 
336 |a text  |b txt  |2 rdacontent 
337 |a unmediated  |b n  |2 rdamedia 
338 |a volume  |b nc  |2 rdacarrier 
504 |a Includes bibliographical references (page 193-219). 
520 |a Gallup chairman and CEO Jim Clifton presents his perspective on current global employment and job creation issues, how these affect society in general, and his recommendations for creating good jobs. 
505 0 |a What 7 billion people want -- Joblessness -- China's surge -- Unless -- Classical economics vs behavioral economics -- Cities -- Entrepreneurship vs innovation -- High-energy workplaces -- Customer service -- K-12 schools-where entrepreneurs are created -- Global well-being -- Conclusion. 
650 0 |a Job creation. 
650 0 |a Manpower policy. 
650 0 |a Unemployment. 
988 |a 20111205 
049 |a KSGG 
906 |0 OCLC